000 00637nam a2200181Ia 4500
003 GCL
008 140319s9999 xx 000 0 ara d
040 _aGCL /
_cGCL
082 0 4 _a621.38028
_bف س
100 1 _aفاروق سيد حسين
245 1 0 _aالاتصالات التليفونية /
_cفاروق سيد حسين
260 _a[S.N] :
_bدار الراتب الجامعية
490 _aسلسلة عالم الاتصالات والاجهزة الالكتروني
_v0
650 0 4 _aالاتصالات
650 0 4 _aالاتصالات السلكية واللاسلكية
650 0 4 _aالتليفون
942 _2ddc
_cBK
999 _c55312
_d55312